000 00651nam a2200241Ia 4500
003 OSt
005 20220918182525.0
006 a|||||r|||| 00| 0
007 ta
008 220917b |||||||| |||| 00| 0 eng d
024 _a32,824
037 _cTextual
040 _aARTS
_cARTS
_beng
041 _2eng
_aeng
082 _aO111,2M56:g, L5
100 _aMacCarthy Desmond
_947132
245 0 _aShaw's plays in review
260 _aNew York
_bThames and Hudson U.S.A
_c1975
300 _aix, 217p.
_ccm.
650 _aENGLISH LITERATURE
942 _hO111,2M56:g, L5
_cTEXL
_2CC
999 _c169243
_d169243